00664nam a22002177a 450000500170000001000130001702000100003003500130004003700160005304000120006908200200008110000160010124500930011726000450021027000500025530000250030550000500033065000310038065000180041170000170042920170124105944.0 aA-255646 c00.00 aA-255646 bCen Lib/Ret aDPLbEN a331.481637bCHE aChen, Marty aIndian women :cby Marty Chen... [et al.]ba study of their role in the dairy movement / bVikas Publishing House c1986aNew Delhi a5, Ansari Road, Darya GanjbNew Delhie110002 axii, 153p.c20cm(Hb) aIncludes bibliographical references and index aDairying policies zIndia  aRole of women aChen, Marty